[Event "World Senior Teams +50"]
[Site "Radebeul GER"]
[Date "2016.06.29"]
[Round "4.15"]
[Board "1"]
[White "Mittermayr, Gerhard"]
[Black "Jakel, Wolfgang"]
[Result "1/2-1/2"]
[WhiteElo "2101"]
[BlackElo "2204"]
[WhiteTeam "Oberoesterreich"]
[BlackTeam "VSG 1880 Offenbach"]
[WhiteFideId "1602233"]
[BlackFideId "4625676"]
[EventDate "2016.06.26"]

1. e4 e5 2. Nf3 Nf6 3. Nxe5 d6 4. Nf3 Nxe4 5. d4 d5 6. Bd3 Be7 7. O-O Nd7 8. c4
c6 9. cxd5 cxd5 10. Nc3 Nxc3 11. bxc3 O-O 12. Bf4 Nf6 13. Rb1 Bd6 14. Bg5 h6 15.
Bh4 Re8 16. Qd2 Rb8 17. Rfe1 Rxe1+ 18. Rxe1 Be6 19. Ne5 Rc8 20. f4 Ne4 21. Bxe4
Qxh4 22. Bf3 b5 23. g3 Qd8 24. f5 Bxf5 25. Bxd5 Be6 26. Bxe6 fxe6 27. Qb2 Qc7
28. Qb3 Bxe5 29. Qxe6+ Kh8 30. Qxe5 Qxc3 31. Rf1 Rd8 32. Qxb5 Qxd4+ 33. Kh1 Qe4+
34. Kg1 Rd2 35. Rf8+ Kh7 36. Qf5+ Qxf5 37. Rxf5 Rxa2 38. Rf7 Kg6 39. Rb7 Kf6 40.
Rc7 g6 41. Rc6+ Kf5 42. Rc5+ Ke4 43. Rc6 Kf5 44. Rc5+ Kg4 45. Rc4+ Kh5 46. Rc5+
Kg4 47. Rc4+ Kh5 48. Rc5+ g5 49. Rc6 a5 50. h3 a4 51. Ra6 a3 52. Kh1 g4 53. Ra5+
Kg6 54. hxg4 1/2-1/2

[Event "World Senior Teams +50"]
[Site "Radebeul GER"]
[Date "2016.06.29"]
[Round "4.15"]
[Board "2"]
[White "Hoehn, Michael"]
[Black "Schulz, Peter"]
[Result "1/2-1/2"]
[WhiteElo "2069"]
[BlackElo "2068"]
[WhiteTeam "VSG 1880 Offenbach"]
[BlackTeam "Oberoesterreich"]
[WhiteFideId "4622693"]
[BlackFideId "1614819"]
[EventDate "2016.06.26"]

1. Nf3 Nf6 2. b3 g6 3. Bb2 Bg7 4. d4 d5 5. g3 O-O 6. Bg2 Ne4 7. Nfd2 c5 8. O-O
Nc6 9. Nxe4 dxe4 10. Bxe4 Bh3 11. Bg2 Bxg2 12. Kxg2 cxd4 13. c3 Qb6 14. cxd4
Nxd4 15. Nd2 Rfd8 16. Rc1 Qa5 17. Bc3 Qxa2 18. e3 Nb5 19. Rc2 Nxc3 20. Rxa2 Nxd1
21. Rxd1 Rd3 22. Rc1 Rc3 23. Rxc3 Bxc3 24. Nc4 a5 25. Rc2 Bb4 26. Nb6 Ra6 27.
Nd5 Bd6 28. e4 b5 29. f4 f6 30. e5 fxe5 31. fxe5 Bxe5 32. Nxe7+ Kf7 33. Nc6 Bd6
34. Nd4 Rb6 35. Rf2+ Ke7 36. Ra2 Bb4 37. Nc2 Bc3 38. Ne3 Kd6 39. Rc2 Bd4 40. Ng4
a4 41. bxa4 bxa4 42. Rc4 Rb2+ 43. Kf3 Kd5 1/2-1/2

[Event "World Senior Teams +50"]
[Site "Radebeul GER"]
[Date "2016.06.29"]
[Round "4.15"]
[Board "3"]
[White "Doppelhammer, Herbert"]
[Black "Trumpp, Lothar"]
[Result "1/2-1/2"]
[WhiteElo "2040"]
[BlackElo "2037"]
[WhiteTeam "Oberoesterreich"]
[BlackTeam "VSG 1880 Offenbach"]
[WhiteFideId "1608738"]
[BlackFideId "4673514"]
[EventDate "2016.06.26"]

1. d4 Nc6 2. Nf3 e6 3. e4 d6 4. Nc3 a6 5. a4 g6 6. Be2 Bg7 7. Be3 Nge7 8. Qd2
O-O 9. Bh6 Kh8 10. Bxg7+ Kxg7 11. O-O Ng8 12. Rad1 Qe7 13. d5 Nb8 14. dxe6 fxe6
15. b4 Nd7 16. Nd4 Ne5 17. f4 Nc6 18. b5 axb5 19. axb5 Nxd4 20. Qxd4+ e5 21.
fxe5 Rxf1+ 22. Bxf1 dxe5 23. Qe3 Ra3 24. Rd3 Ra1 25. Rd1 Rxd1 26. Nxd1 Nf6 27.
h3 Qb4 28. Qc3 Qxe4 29. Qxc7+ Bd7 30. Nf2 Qf5 31. Bd3 Qf4 32. Qxb7 Qc1+ 33. Kh2
Qf4+ 34. Kg1 Qc1+ 1/2-1/2

[Event "World Senior Teams +50"]
[Site "Radebeul GER"]
[Date "2016.06.29"]
[Round "4.15"]
[Board "4"]
[White "Weiss, Matthias"]
[Black "Obran, Harald"]
[Result "1-0"]
[WhiteElo "2043"]
[BlackElo "2015"]
[WhiteTeam "VSG 1880 Offenbach"]
[BlackTeam "Oberoesterreich"]
[WhiteFideId "4638190"]
[BlackFideId "1605836"]
[EventDate "2016.06.26"]

1. e4 g6 2. d4 Bg7 3. Nc3 d6 4. Be3 a6 5. h4 h5 6. Qd2 b5 7. a3 Nd7 8. Nf3 Nh6
9. Ng5 Ng4 10. O-O-O Nxe3 11. Qxe3 c5 12. dxc5 dxc5 13. e5 Qb6 14. Qf3 O-O 15.
Qxa8 Bb7 16. Qxf8+ Nxf8 17. f4 f6 18. exf6 Bxf6 19. Nce4 c4 20. Re1 c3 21. Nxc3
Qf2 22. Bd3 Bxg2 23. Rhg1 Qxh4 24. Ne6 Nxe6 25. Rxe6 Qf2 26. Ree1 Bxc3 27. bxc3
Kg7 28. Rxe7+ Kf6 29. Rge1 Bd5 30. Kb2 h4 31. R7e5 Bf7 32. R5e2 Qf3 33. Be4 Qg4
34. Bd3 h3 35. Rh2 Bd5 36. Be4 Qg3 37. Rhe2 Bxe4 38. Rxe4 h2 39. Re6+ Kf5 40.
R6e5+ Kf6 41. Re6+ Kg7 42. Re7+ Kh6 43. Re8 Kh5 44. Rh1 Kg4 45. Rh8 Kxf4 46.
R1xh2 g5 47. Rd2 Qe3 48. Rd4+ Kf5 49. Rf8+ Kg6 50. Rg8+ Kf7 51. Rgd8 a5 52. R8d5
b4 53. axb4 a4 54. Ra5 Qe2 55. Rxa4 g4 56. Ra5 Kf6 57. Rd6+ 1-0

[Event "World Senior Teams +50"]
[Site "Radebeul GER"]
[Date "2016.06.29"]
[Round "4.16"]
[Board "1"]
[White "Waschk, Armin"]
[Black "Erneste, Inguna"]
[Result "1/2-1/2"]
[BlackTitle "WGM"]
[WhiteElo "2183"]
[BlackElo "2149"]
[WhiteTeam "Dettmann"]
[BlackTeam "Latvia Women"]
[WhiteFideId "4630866"]
[BlackFideId "11600241"]
[EventDate "2016.06.26"]

1. e4 e5 2. Nf3 Nc6 3. Bc4 Nf6 4. Ng5 d5 5. exd5 Na5 6. Bb5+ c6 7. dxc6 bxc6 8.
Bd3 Nd5 9. Nf3 Bd6 10. O-O O-O 11. Re1 Re8 12. Nc3 f5 13. Nxd5 cxd5 14. Bb5 Bd7
15. Bxd7 Qxd7 16. d3 Rac8 17. c3 Kh8 18. Bd2 Nc6 19. Qa4 Qf7 20. Qh4 f4 21. Re2
Qf5 22. Rae1 Rf8 23. Bc1 Qxd3 24. Rd2 Qc4 25. Red1 d4 26. cxd4 Bb4 27. b3 Qd5
28. Re2 Nxd4 29. Nxd4 Qxd4 30. Rf1 Bc3 31. Qg4 Qd3 32. Qf3 Qf5 33. h3 Rfd8 34.
Qe4 Qf6 35. Bb2 Bxb2 36. Rxb2 Rc5 37. Re2 h6 38. Rfe1 a5 39. a3 Rd4 40. Qb7 Rdd5
41. f3 1/2-1/2

[Event "World Senior Teams +50"]
[Site "Radebeul GER"]
[Date "2016.06.29"]
[Round "4.16"]
[Board "2"]
[White "Vilerte, Tamara"]
[Black "Dettmann, Holger"]
[Result "1/2-1/2"]
[WhiteTitle "WGM"]
[WhiteElo "2030"]
[BlackElo "2040"]
[WhiteTeam "Latvia Women"]
[BlackTeam "Dettmann"]
[WhiteFideId "11602589"]
[BlackFideId "24636320"]
[EventDate "2016.06.26"]

1. Nf3 d5 2. d4 Nf6 3. c4 e6 4. Nc3 Be7 5. Bg5 Nbd7 6. e3 O-O 7. Rc1 c6 8. a3
Ne4 9. Bxe7 Qxe7 10. Bd3 Nxc3 11. Rxc3 dxc4 12. Bxc4 e5 13. dxe5 Nxe5 14. Nxe5
Qxe5 15. O-O Bf5 1/2-1/2

[Event "World Senior Teams +50"]
[Site "Radebeul GER"]
[Date "2016.06.29"]
[Round "4.17"]
[Board "1"]
[White "Scheuermann, Bernhard"]
[Black "Frick, Renato"]
[Result "1-0"]
[WhiteElo "2229"]
[BlackElo "2014"]
[WhiteTeam "SV Dresden-Striesen 1990 e.V."]
[BlackTeam "Liechtenstein"]
[WhiteFideId "16203283"]
[BlackFideId "12000027"]
[EventDate "2016.06.26"]

1. e4 c5 2. c3 Nf6 3. e5 Nd5 4. d4 cxd4 5. Qxd4 e6 6. Nf3 Nc6 7. Qe4 Be7 8. c4
f5 9. Qe2 Nc7 10. g3 d5 11. exd6 Bxd6 12. Bg5 Be7 13. Bxe7 Qxe7 14. Ne5 O-O 15.
Nxc6 bxc6 16. Bg2 Qc5 17. O-O Ba6 18. Nd2 Rab8 19. Nb3 Qxc4 20. Qe5 Qa4 21. Rfc1
Rf7 22. Bxc6 Qb4 23. Bg2 Ne8 24. Nc5 Bc8 25. Nxe6 Nf6 26. Nf4 Bb7 27. Qxb8+ 1-0

[Event "World Senior Teams +50"]
[Site "Radebeul GER"]
[Date "2016.06.29"]
[Round "4.17"]
[Board "2"]
[White "Kock, Hans-Uwe"]
[Black "Siegmund, Rainer"]
[Result "1/2-1/2"]
[WhiteTitle "FM"]
[WhiteElo "2004"]
[BlackElo "2087"]
[WhiteTeam "Liechtenstein"]
[BlackTeam "SV Dresden-Striesen 1990 e.V."]
[WhiteFideId "4611020"]
[BlackFideId "4614321"]
[EventDate "2016.06.26"]

1. d4 Nf6 2. c4 e6 3. Nf3 b6 4. g3 Ba6 5. b3 Bb4+ 6. Bd2 Be7 7. Bg2 d5 8. Ne5 c6
9. Nc3 Nfd7 10. cxd5 Nxe5 11. dxe5 cxd5 12. O-O Nc6 13. f4 O-O 14. Re1 Rc8 15.
e3 Rc7 16. Bf1 Bxf1 17. Kxf1 a6 18. a3 Qc8 19. Ne2 Qb7 20. Kf2 f6 21. exf6 Bxf6
22. Bc3 Bxc3 23. Nxc3 Ne7 24. Ne2 Nf5 25. Qd2 Rfc8 1/2-1/2

[Event "World Senior Teams +50"]
[Site "Radebeul GER"]
[Date "2016.06.29"]
[Round "4.17"]
[Board "3"]
[White "Lehmann, Wolfgang"]
[Black "Iclicki, Willy"]
[Result "1/2-1/2"]
[WhiteElo "2048"]
[BlackElo "1970"]
[WhiteTeam "SV Dresden-Striesen 1990 e.V."]
[BlackTeam "Liechtenstein"]
[WhiteFideId "16212908"]
[BlackFideId "200450"]
[EventDate "2016.06.26"]

1. d4 d5 2. c4 c6 3. cxd5 cxd5 4. Nc3 Nf6 5. Nf3 Nc6 6. Bf4 Bf5 7. e3 e6 8. Bb5
Bd6 9. O-O O-O 10. Rc1 Rc8 11. Ne5 Bxe5 12. dxe5 Nd7 13. Qa4 Nb6 14. Qa3 1/2-1/2

[Event "World Senior Teams +50"]
[Site "Radebeul GER"]
[Date "2016.06.29"]
[Round "4.17"]
[Board "4"]
[White "Guller, Andras"]
[Black "Glasewald, Stefan"]
[Result "1/2-1/2"]
[WhiteTitle "CM"]
[WhiteElo "2013"]
[BlackElo "2045"]
[WhiteTeam "Liechtenstein"]
[BlackTeam "SV Dresden-Striesen 1990 e.V."]
[WhiteFideId "12000078"]
[BlackFideId "4656504"]
[EventDate "2016.06.26"]

1. e4 c5 2. Nf3 e6 3. d4 cxd4 4. Nxd4 Nf6 5. Bd3 Nc6 6. Nxc6 bxc6 7. O-O Qb6 8.
Nd2 d5 9. Qe2 a5 10. c4 d4 11. f4 Nd7 12. e5 Nc5 13. Ne4 Nxd3 1/2-1/2

[Event "World Senior Teams +50"]
[Site "Radebeul GER"]
[Date "2016.06.29"]
[Round "4.18"]
[Board "1"]
[White "Rewitz, Poul"]
[Black "Vogelmann, Peter"]
[Result "1/2-1/2"]
[WhiteTitle "FM"]
[WhiteElo "2202"]
[BlackElo "2227"]
[WhiteTeam "SK 1968"]
[BlackTeam "SF Monheim Revival"]
[WhiteFideId "1401033"]
[BlackFideId "4634330"]
[EventDate "2016.06.26"]

1. g3 g6 2. Bg2 Bg7 3. f4 d5 4. Nf3 Nf6 5. O-O O-O 6. d3 c6 7. c3 Nbd7 8. Na3 a5
9. Qe1 e6 10. e4 b5 11. Nc2 c5 12. e5 Ne8 13. g4 f5 14. g5 Bb7 15. h4 Rf7 16. h5
Bf8 17. Qh4 Be7 18. Kf2 Nf8 19. Rh1 Rg7 20. Be3 b4 21. Qg3 Ba6 22. h6 Rf7 23.
Rhd1 Rb8 24. Kg1 Nd7 25. Qf2 Bf8 26. Nfe1 Nc7 27. Nf3 Na8 28. Bf1 Nab6 29. a4
bxa3 30. Rxa3 a4 31. b4 axb3 32. Rxa6 bxc2 33. Qxc2 Re7 34. Rb1 Qc7 35. Qa2 Ree8
36. Qa5 Ra8 37. Rbxb6 Nxb6 38. Qxb6 Qe7 39. Rxa8 Rxa8 40. Qb2 Qc7 41. c4 Rb8 42.
Qa2 d4 43. Bd2 Qb7 44. Kf2 Ra8 45. Qc2 Ra1 46. Be2 Kf7 47. Bd1 Qa8 48. Ke2 Ra3
49. Qb1 Be7 50. Bc2 Ra1 51. Qb5 Ra3 52. Bb1 Ra1 53. Ne1 Ra3 54. Kd1 Ra7 55. Qb2
Rb7 56. Qa2 Ra7 57. Qc2 Bd8 58. Qb2 Rb7 59. Qa2 Ra7 60. Qb2 Rb7 61. Qa2 Ra7 1/2-1/2

[Event "World Senior Teams +50"]
[Site "Radebeul GER"]
[Date "2016.06.29"]
[Round "4.18"]
[Board "2"]
[White "Weber, Franz-Josef"]
[Black "Cordes, Steffen"]
[Result "0-1"]
[WhiteElo "2136"]
[BlackElo "1926"]
[WhiteTeam "SF Monheim Revival"]
[BlackTeam "SK 1968"]
[WhiteFideId "4684320"]
[BlackFideId "1404644"]
[EventDate "2016.06.26"]

1. e4 c5 2. Nf3 g6 3. d4 cxd4 4. Nxd4 Bg7 5. Nc3 Nc6 6. Be3 Nf6 7. Bc4 O-O 8.
Bb3 d6 9. f3 Bd7 10. Qd2 Rc8 11. O-O-O Ne5 12. g4 b5 13. g5 Nh5 14. f4 Nc4 15.
Bxc4 Rxc4 16. Kb1 b4 17. Nce2 Qa8 18. Qd3 Rfc8 19. f5 a5 20. Rc1 a4 21. Rhf1
R4c5 22. Ng3 Nxg3 23. hxg3 a3 24. f6 axb2 25. fxg7 Rc3 26. Qe2 Qa4 27. Qf2 Be8
28. Kxb2 Qa3+ 29. Kb1 Ra8 30. Rcd1 Rxe3 31. Nb3 Qxa2+ 32. Kc1 Rxb3 33. Kd2 Rb2 0-1

[Event "World Senior Teams +50"]
[Site "Radebeul GER"]
[Date "2016.06.29"]
[Round "4.18"]
[Board "3"]
[White "Boye, Niels Mollmann"]
[Black "Weisshaupt, Rainer"]
[Result "1/2-1/2"]
[WhiteElo "1862"]
[BlackElo "2114"]
[WhiteTeam "SK 1968"]
[BlackTeam "SF Monheim Revival"]
[WhiteFideId "1413147"]
[BlackFideId "4621689"]
[EventDate "2016.06.26"]

1. d4 Nf6 2. c4 e6 3. Nc3 Bb4 4. e3 O-O 5. Bd3 d5 6. Nf3 c5 7. O-O Nc6 8. Ne2
cxd4 9. Nexd4 Re8 10. cxd5 Nxd4 11. exd4 Qxd5 12. a3 Bd6 13. Re1 h6 14. Ne5 Bxe5
15. Rxe5 Qd8 16. b4 Bd7 17. b5 a6 18. Rb1 Nd5 19. Qg4 f5 20. Qg6 Qf6 21. Qxf6
gxf6 22. Re1 Nc3 23. Rb3 Nxb5 24. Bxb5 Bxb5 25. Bxh6 Kf7 26. Bd2 Bc6 27. f4 Red8
28. Bc3 Rac8 29. Bb2 Be4 30. Rc3 Rg8 31. g3 Rxc3 32. Bxc3 Rc8 33. Rc1 Bd5 1/2-1/2

[Event "World Senior Teams +50"]
[Site "Radebeul GER"]
[Date "2016.06.29"]
[Round "4.18"]
[Board "4"]
[White "Ponater, Michael"]
[Black "David, Anton"]
[Result "1-0"]
[WhiteElo "2159"]
[BlackElo "1772"]
[WhiteTeam "SF Monheim Revival"]
[BlackTeam "SK 1968"]
[WhiteFideId "4623983"]
[BlackFideId "1402072"]
[EventDate "2016.06.26"]

1. g3 d5 2. Bg2 Nf6 3. Nf3 e6 4. O-O b6 5. c4 c6 6. d4 Bb7 7. b3 Be7 8. Bb2 O-O
9. Nc3 c5 10. Ne5 Nbd7 11. e3 Qc8 12. cxd5 Nxe5 13. dxe5 Nxd5 14. Nxd5 Bxd5 15.
Bxd5 exd5 16. Qxd5 Rd8 17. Qe4 Qe6 18. Rad1 a5 19. Kg2 Rac8 20. Qc4 Qc6+ 21. e4
b5 22. Qc2 c4 23. bxc4 bxc4 24. Bc3 Bb4 25. f3 Bxc3 26. Qxc3 Qa4 27. Rd6 Qxa2+
28. Rf2 Qa4 29. Rfd2 Rxd6 30. exd6 Qb4 31. d7 Rd8 32. Rc2 Rxd7 33. Qxb4 axb4 34.
Rxc4 Kf8 35. Rxb4 h6 36. h4 Rd2+ 37. Kh3 Rd3 38. Kg4 g6 39. Kf4 Ke7 40. h5 Rd6
41. Rb7+ Kf8 42. hxg6 Rxg6 43. Rb5 Ke7 44. g4 Rc6 45. Rh5 Rf6+ 46. Rf5 Rb6 47.
Re5+ Kf8 48. Ra5 Ke7 49. e5 Ke6 50. Kg3 f6 51. exf6 Kxf6 52. Kh4 Kg6 53. f4 Rf6
54. f5+ Kg7 55. Ra7+ Kg8 56. Kh5 Rc6 57. Re7 Rc1 58. Kg6 Kf8 59. Rf7+ Ke8 60.
Rg7 Rc6+ 61. f6 Kf8 62. Ra7 Ke8 63. Kg7 1-0

[Event "World Senior Teams +50"]
[Site "Radebeul GER"]
[Date "2016.06.29"]
[Round "4.19"]
[Board "1"]
[White "Jeute, Peter"]
[Black "Nake, Matthias"]
[Result "1/2-1/2"]
[WhiteElo "1978"]
[BlackElo "2217"]
[WhiteTeam "SV Bannewitz"]
[BlackTeam "SG Gruen-Weiss Dresden"]
[WhiteFideId "24646091"]
[BlackFideId "24653861"]
[EventDate "2016.06.26"]

1. d4 Nf6 2. g3 g6 3. Bg2 Bg7 4. c4 O-O 5. Nf3 c5 6. O-O cxd4 7. Nxd4 Nc6 8. Nc3
Qb6 9. Ndb5 a6 10. Be3 Qa5 11. Nd4 Ng4 12. Nxc6 dxc6 13. Bd2 Qh5 14. h3 Ne5 15.
g4 Qh4 16. Qc1 Qf6 17. Ne4 Qe6 18. c5 f5 19. Ng5 Qc4 20. f4 Qxc1 21. Raxc1 Nf7
22. Nxf7 Rxf7 23. gxf5 Rxf5 24. b4 Be6 25. Rc2 Rd8 26. Kh2 Rff8 27. Bf3 Rd7 28.
Bg4 Bf5 29. Bxf5 gxf5 30. Be3 Rfd8 31. Kg3 Kf7 32. Kf3 Bf6 33. Rb1 Rd1 34. Rcc1
R1d5 35. Rc2 e5 36. fxe5 Bxe5 37. Rbc1 Rd1 38. Rxd1 Rxd1 39. Rd2 Rxd2 40. Bxd2
Ke6 41. e4 Bg7 42. Be1 Bb2 43. Bd2 1/2-1/2

[Event "World Senior Teams +50"]
[Site "Radebeul GER"]
[Date "2016.06.29"]
[Round "4.19"]
[Board "3"]
[White "Koehn, Walter"]
[Black "Rensch, Toralf"]
[Result "0-1"]
[WhiteElo "1785"]
[BlackElo "2086"]
[WhiteTeam "SV Bannewitz"]
[BlackTeam "SG Gruen-Weiss Dresden"]
[WhiteFideId "12975222"]
[BlackFideId "12933449"]
[EventDate "2016.06.26"]

1. d4 Nf6 2. c4 e6 3. Nc3 Bb4 4. Qc2 b6 5. a3 Bxc3+ 6. Qxc3 Ne4 7. Qc2 f5 8. Nf3
Bb7 9. Bf4 d6 10. e3 Nd7 11. Be2 O-O 12. O-O g5 13. Bg3 Ndf6 14. h3 g4 15. hxg4
Nxg3 16. fxg3 Nxg4 17. Qd2 Qf6 18. Nh4 Qg5 19. Bxg4 Qxg4 20. Qf2 Be4 21. Rad1
Rad8 22. Rd2 Rd7 23. Qf4 Rg7 24. Rdf2 Qh5 25. Nf3 Rg4 0-1

[Event "World Senior Teams +50"]
[Site "Radebeul GER"]
[Date "2016.06.29"]
[Round "4.19"]
[Board "4"]
[White "Smid, Arend"]
[Black "Seifert, Klaus"]
[Result "1-0"]
[WhiteElo "1966"]
[BlackElo "1886"]
[WhiteTeam "SG Gruen-Weiss Dresden"]
[BlackTeam "SV Bannewitz"]
[WhiteFideId "4676556"]
[BlackFideId "24639877"]
[EventDate "2016.06.26"]

1. e4 c5 2. Nf3 Nc6 3. Bb5 g6 4. O-O Bg7 5. c3 Nf6 6. Re1 O-O 7. h3 d5 8. e5 Nd7
9. d4 e6 10. a3 Qb6 11. Bf1 a5 12. a4 c4 13. Ng5 h6 14. Nf3 f6 15. exf6 Nxf6 16.
Qc2 Ne4 17. Bxc4 Nxf2 18. Be2 Ne4 19. Nbd2 e5 20. Nxe4 dxe4 21. Qxe4 exd4 22.
Bxh6 Bxh6 23. Qxg6+ Bg7 24. Bc4+ 1-0

[Event "World Senior Teams +50"]
[Site "Radebeul GER"]
[Date "2016.06.29"]
[Round "4.20"]
[Board "1"]
[White "Rorvik, Jon F."]
[Black "Bauer, Burkhard"]
[Result "1-0"]
[WhiteElo "2145"]
[BlackElo "2056"]
[WhiteTeam "Norway Mix"]
[BlackTeam "SV Aufbau Bernburg"]
[WhiteFideId "1501852"]
[BlackFideId "24664553"]
[EventDate "2016.06.26"]

1. c4 f5 2. Nc3 Nf6 3. g3 g6 4. Bg2 Bg7 5. d4 d6 6. e3 O-O 7. Nge2 c6 8. O-O Qe8
9. b3 e5 10. Ba3 exd4 11. Nxd4 Qe7 12. Qd2 Rd8 13. Rad1 Ne8 14. Rfe1 Qc7 15. e4
Qa5 16. Bb2 Na6 17. a3 Qc7 18. exf5 gxf5 19. Qg5 h6 20. Qd2 Qf7 21. Nd5 Kf8 22.
Nf4 Nac7 23. Bf3 Nf6 24. Qc2 d5 25. Nxf5 Bxf5 26. Qxf5 Re8 27. Rxe8+ Rxe8 28.
cxd5 Nfxd5 29. Bxg7+ Kxg7 30. Qxf7+ Kxf7 31. Nxd5 cxd5 32. Bh5+ 1-0

[Event "World Senior Teams +50"]
[Site "Radebeul GER"]
[Date "2016.06.29"]
[Round "4.20"]
[Board "2"]
[White "Schmidt, Joerg"]
[Black "Ilyes, Peter"]
[Result "1-0"]
[WhiteElo "2112"]
[BlackElo "1810"]
[WhiteTeam "SV Aufbau Bernburg"]
[BlackTeam "Norway Mix"]
[WhiteFideId "4641698"]
[BlackFideId "1524305"]
[EventDate "2016.06.26"]

1. e4 d6 2. d4 g6 3. f4 Bg7 4. Nf3 Bg4 5. Be2 c5 6. d5 Nf6 7. h3 Bxf3 8. Bxf3
Nbd7 9. O-O Qc7 10. c4 Rb8 11. Nc3 a6 12. a4 b6 13. Re1 O-O 14. Qe2 Ne8 15. Be3
Qd8 16. Bf2 Nc7 17. Kh1 e5 18. dxe6 fxe6 19. Rad1 Qe7 20. Qd2 Rbd8 21. Qxd6 Qxd6
22. Rxd6 Rxf4 23. Red1 Rf7 24. Bh4 1-0

[Event "World Senior Teams +50"]
[Site "Radebeul GER"]
[Date "2016.06.29"]
[Round "4.20"]
[Board "4"]
[White "Winnig, Bernd"]
[Black "Lie, Terje"]
[Result "1-0"]
[WhiteElo "1999"]
[BlackElo "1589"]
[WhiteTeam "SV Aufbau Bernburg"]
[BlackTeam "Norway Mix"]
[WhiteFideId "4673190"]
[BlackFideId "1504916"]
[EventDate "2016.06.26"]

1. d4 Nf6 2. c4 e6 3. g3 d5 4. Bg2 c6 5. Qc2 Be7 6. Nf3 dxc4 7. Qxc4 Nd5 8. e4
Nb6 9. Qc2 h6 10. O-O O-O 11. b3 N8d7 12. Bb2 Nf6 13. Nbd2 Re8 14. Rfd1 Bd7 15.
Nc4 Nxc4 16. bxc4 b5 17. e5 Nh7 18. d5 Qb6 19. d6 Bd8 20. c5 Qb7 21. Nd4 a6 22.
f4 g6 23. Be4 Nf8 24. Qg2 Rc8 25. Rdc1 Kg7 26. g4 Qa8 27. f5 Bg5 28. f6+ Kh7 29.
Rc3 b4 30. Rf3 Rb8 31. Qf2 Qa7 32. Nb3 a5 33. h4 a4 34. hxg5 axb3 35. axb3 Qxa1+
36. Bxa1 Kg8 37. Qh2 Ra8 38. Qxh6 Rxa1+ 1-0

[Event "World Senior Teams +50"]
[Site "Radebeul GER"]
[Date "2016.06.29"]
[Round "4.21"]
[Board "1"]
[White "Weichelt, Jens"]
[Black "Becker, Marco"]
[Result "1-0"]
[WhiteElo "2073"]
[BlackElo "1987"]
[WhiteTeam "Schachklub Heidenau"]
[BlackTeam "SV Horst-Emscher"]
[WhiteFideId "4637771"]
[BlackFideId "24601993"]
[EventDate "2016.06.26"]

1. Nf3 Nf6 2. g3 e6 3. d4 d5 4. Bg2 Be7 5. O-O O-O 6. b3 b6 7. Bb2 Ba6 8. c4 c6
9. Nbd2 Nbd7 10. Qc2 Rc8 11. e4 c5 12. exd5 exd5 13. Rfe1 cxd4 14. Nxd4 dxc4 15.
Nc6 Rxc6 16. Bxc6 Bb4 17. Bc3 Bxc3 18. Qxc3 Qc8 19. Bg2 b5 20. Rac1 Nb6 21. a4
Nbd5 22. Qa5 c3 23. axb5 cxd2 24. Qxd2 1-0

[Event "World Senior Teams +50"]
[Site "Radebeul GER"]
[Date "2016.06.29"]
[Round "4.21"]
[Board "2"]
[White "Arndt, Olaf"]
[Black "Fahland, Matthias"]
[Result "0-1"]
[WhiteElo "2019"]
[BlackElo "2105"]
[WhiteTeam "SV Horst-Emscher"]
[BlackTeam "Schachklub Heidenau"]
[WhiteFideId "4655907"]
[BlackFideId "4698380"]
[EventDate "2016.06.26"]

1. e4 c5 2. Nf3 e6 3. c4 Nc6 4. d4 cxd4 5. Nxd4 Nf6 6. Nc3 Bb4 7. Nxc6 bxc6 8.
Bd3 e5 9. O-O O-O 10. Bg5 h6 11. Bh4 Bc5 12. Kh1 g5 13. Bg3 d6 14. f3 Rb8 15.
Qc2 Be6 16. Bf2 Nd7 17. b3 a5 18. Rad1 Qc7 19. Bxc5 Nxc5 20. h4 f6 21. Qd2 a4
22. Nxa4 Nxa4 23. bxa4 Ra8 24. Be2 Rfd8 25. Qc2 c5 26. Rb1 Qd7 27. Rb5 Qe8 28.
Rfb1 Qh5 29. g3 gxh4 30. g4 Qg5 31. a5 Qf4 32. Qc1 Qxc1+ 33. Rxc1 Kg7 34. Rb7+
Kg6 35. Re7 Bc8 36. Rb1 Rxa5 37. Rb2 Ba6 38. Ra7 Kg5 39. Bd1 Ra3 40. Rb6 Rd3 41.
Be2 Rd2 42. Bf1 Bc8 43. Bg2 Be6 44. Kh2 Kf4 45. a4 h3 46. Kxh3 h5 47. Rg7 hxg4+ 0-1

[Event "World Senior Teams +50"]
[Site "Radebeul GER"]
[Date "2016.06.29"]
[Round "4.21"]
[Board "3"]
[White "Wurmb, Peter"]
[Black "Goeldenboog, Juergen"]
[Result "0-1"]
[WhiteElo "1993"]
[BlackElo "1979"]
[WhiteTeam "Schachklub Heidenau"]
[BlackTeam "SV Horst-Emscher"]
[WhiteFideId "16203305"]
[BlackFideId "4634004"]
[EventDate "2016.06.26"]

1. d4 d5 2. Nf3 Nf6 3. c4 g6 4. Nc3 Bg7 5. e3 O-O 6. Qb3 c6 7. Bd3 dxc4 8. Qxc4
Be6 9. Qa4 c5 10. Qb5 cxd4 11. Nxd4 Bd5 12. O-O a6 13. Qb4 Nc6 14. Nxc6 Bxc6 15.
Be2 Qc7 16. f3 Rfd8 17. e4 Nh5 18. Be3 Be5 19. f4 Bxf4 20. Bxf4 Nxf4 21. Bc4 Rd2
22. Bxf7+ Kg7 23. g3 Nh3+ 24. Kh1 Qe5 25. Nd5 Rd4 26. Qxe7 Qxe7 27. Nxe7 Bxe4+ 0-1

[Event "World Senior Teams +50"]
[Site "Radebeul GER"]
[Date "2016.06.29"]
[Round "4.21"]
[Board "4"]
[White "Tobczewski, Peter"]
[Black "Weichelt, Stefan"]
[Result "1-0"]
[WhiteElo "2012"]
[BlackElo "1980"]
[WhiteTeam "SV Horst-Emscher"]
[BlackTeam "Schachklub Heidenau"]
[WhiteFideId "4668200"]
[BlackFideId "12975397"]
[EventDate "2016.06.26"]

1. d4 Nf6 2. Nf3 g6 3. Bf4 d6 4. c3 Bg7 5. Nbd2 Bf5 6. Qb3 Bc8 7. e4 c6 8. Bd3
Nbd7 9. Rd1 Qb6 10. O-O Qxb3 11. Nxb3 O-O 12. h3 Re8 13. e5 Nd5 14. Bg3 dxe5 15.
dxe5 f6 16. Rfe1 f5 17. Bc4 e6 18. Nfd4 N7b6 19. Bxd5 cxd5 20. Nb5 Re7 21. Bh4
Rf7 22. Nc5 Nc4 23. Nd6 Nxb2 24. Rb1 Rc7 25. Nxc8 Raxc8 26. Nxe6 Nd3 27. Nxc7
Nxe1 28. Nxd5 Nd3 29. Ne7+ 1-0